00907 a2200193 4500999001500000010001400015020002300029035001300052037001500065082001300080245032400093260004400417270005600461300002200517700001400539700001400553942003200567952011400599 c7718d7718 aENG-88160 a8120206088c500.00 aEN-71693 bDBAD / PUB14a621.38451 aEmerging technologies in mobile communications:bpapers presented at international conference on emerging technologies in mobile communications (under the aegis of Smart Cards expo-2006/e-Security Expo 2006/RFidIndia Expo 2006/India Mobile forum 2006)Sep. 6-8, 2006, New Delhi, India/cedited by S. Swarn [and] G.S. Rao aDelhibAjanta Books Internationalc2006 a1, UB Jawahar Nagar, Bunglow Road,bDelhie110 007. a130 p.c25 cm(Hb)1 aSwarn, S.1 aRao, G.S. adplcEN2ddch621.3845mINT 001040718NFICaDBADbDBADeDBAD/PUBg500.00l0o621.3845 INTpEN-71693r2008-09-15 00:00:00t1v500.00yEN